Online Catalogue and eLibrary

Missing links (Record no. 2627)

MARC details
000 -LEADER
fixed length control field 00433nam a2200157Ia 4500
005 - DATE AND TIME OF LATEST TRANSACTION
control field 20240424005930.0
008 - FIXED-LENGTH DATA ELEMENTS--GENERAL INFORMATION
fixed length control field 240331s9999 xx 000 0 und d
020 ## - INTERNATIONAL STANDARD BOOK NUMBER
ISBN 0889367655
082 ## - DDC Classification
Item Number - Author Mark MIS
Class No. 331.4
245 #0 - TITLE STATEMENT
Title Missing links
Statement of responsibility, etc. International Development Research Centre .
260 ## - PUBLICATION, DISTRIBUTION, ETC.
Place of publication, distribution, etc. Canada :
Name of publisher, distributor, etc. International Development Research Centre /
Date of publication, distribution, etc. 1995.
300 ## - PHYSICAL DESCRIPTION
Extent (e.g. Volumes, Pages etc.) xv, 371 p .,
650 ## - SUBJECT ADDED ENTRY--TOPICAL TERM
Topical term or geographic name entry element women
650 ## - SUBJECT ADDED ENTRY--TOPICAL TERM
Topical term or geographic name entry element Gender
942 ## - Koha item type (Biblio)
Koha item type Books in Stacks (Lending)
Holdings
Lost status Damaged status Collection code Home library Current library Shelving location Date acquired Full call number Accession Number Item type
    Lending WERC Library WERC Library Social Science Cupboard 03/31/2024 331.4 MIS 2398 Books in Stacks (Lending)

© WERC Library